000 00673nam a2200277Ia 4500
005 20260324113756.0
008 008 260324s9999 xx 000 0 eng d
020 _a9781003266716
037 _aEBOOK
040 _aCRL
040 _beng
040 _cCRL
041 _2eng
041 _aeng
084 _qCRL
100 _aAntonio Amorim; NĂ¡dia Pinto
_91148123
245 3 _aAn Introduction to Forensic Genetics for Non-geneticists
260 _bTaylor and Francis
260 _c2023
365 _a
365 _b305
856 _uhttp://www.taylorfrancis.com/books/9781003266716
942 _cEBOOK
999 _c1737949
_d1737949